Εισαγωγή στην θεωρία των διαφορικών εξισώσεων

Αποθηκεύτηκε σε:
Λεπτομέρειες βιβλιογραφικής εγγραφής
Κύριος συγγραφέας: Στράντζαλος, Πολυχρόνης
Άλλοι συγγραφείς: Κατάβολος, Αριστείδης
Μορφή: Βιβλίο
Γλώσσα:Greek
Δημοσίευση: Αθήνα : Καρδαμίτσα, 1986.
Θέματα:
Ετικέτες: Προσθήκη ετικέτας
Δεν υπάρχουν, Καταχωρήστε ετικέτα πρώτοι!

MARC

LEADER 00000cam a2200000 i 4500
001 1/43320
008 941103s1986####gr | ||| |||| ||gre||
035 |a 1988  |l 10041995 
040 |a GR-MyUA  |b gre  |e AACR2 
041 0 |a gre 
082 0 |a 515.352  |2 (22) 
100 1 |a Στράντζαλος, Πολυχρόνης. 
245 1 0 |a Εισαγωγή στην θεωρία των διαφορικών εξισώσεων /   |c Π. Στράντζαλος - Α. Κατάβολος.  
260 |a Αθήνα :   |b Καρδαμίτσα,   |c 1986.  
300 |a 194 σ. ;   |c 24 εκ.  
650 0 0 |a Differential equations. 
650 0 0 |a Differential equations  |x Problems, exercises, etc. 
650 0 0 |a Differential equations, Linear. 
650 0 0 |a Differential equations, Linear  |x Problems, exercises, etc. 
700 1 |a Κατάβολος, Αριστείδης. 
852 |a INST  |b SAMOS  |e 19941103  |h 515.352 ΣΤΡ  |p 005300001427  |q 005300001427  |t BK  |y 23 
852 |a INST  |b SAMOS  |e 20120426  |h 515.352 ΣΤΡ  |p 005300033877  |q 005300033877  |t BK  |y 0 
901 |a BIBL3-2012-1 
909 |a Σ  |b 172100 
909 |a Σ  |b 011570 
970 |a ΓΟΥΒΑΛΑ  |b ΒΑΣΩ  |z 2012/04/26